000 01035nam a2200313 i 4500
001 67427
003 ES-MaACL
005 20250827062612.0
007 t|
008 040526s2003 sp ||||0| spa d
020 _a84-470-2015-0
080 _a349.41(460)"19"(094.5)
080 _a349.44(460)"19"(094.5)
110 1 _aEspaña
_93622
240 1 0 _aLeyes, etc., de urbanismo
245 1 0 _aLegislación estatal del suelo /
_cedición preparada por Julio Toledo Jáudenes.
250 _a23ª ed., actualizada por la Redacción de Civitas.
260 _aMadrid :
_bCivitas,
_c2003.
300 _a592 p. ;
_c17 cm.
490 1 _aBiblioteca de legislación ;
_v25
500 _a"Thomson"
500 _aÍndice.
650 _aDerecho urbanístico-
_zEspaña.
_9145987
700 1 _aToledo Jáudenes, Julio.
_9110455
830 1 _aBiblioteca de legislación ;
_v25
_9177899
852 4 _aES-MaACL
_jA-15307
_969943
_cDEPO1
_dOlim: L 349.41(460)"2003" ESP
_dOlim: Meseton
942 _2udc
999 _c67427
_d67427